<?xml version="1.0" encoding="UTF-8"?><?xml-stylesheet type="text/xsl" href="static/style.xsl"?><OAI-PMH xmlns="http://www.openarchives.org/OAI/2.0/" xmlns:xsi="http://www.w3.org/2001/XMLSchema-instance" xsi:schemaLocation="http://www.openarchives.org/OAI/2.0/ http://www.openarchives.org/OAI/2.0/OAI-PMH.xsd"><responseDate>2026-06-02T11:02:28Z</responseDate><request verb="GetRecord" identifier="oai:riuma.uma.es:10630/10118" metadataPrefix="marc">https://riuma.uma.es/rest/oai/request</request><GetRecord><record><header><identifier>oai:riuma.uma.es:10630/10118</identifier><datestamp>2026-03-03T08:20:10Z</datestamp><setSpec>com_10630_1685</setSpec><setSpec>col_10630_38084</setSpec></header><metadata><record xmlns="http://www.loc.gov/MARC21/slim" xmlns:dcterms="http://purl.org/dc/terms/" xmlns:doc="http://www.lyncode.com/xoai" xmlns:xsi="http://www.w3.org/2001/XMLSchema-instance" xsi:schemaLocation="http://www.loc.gov/MARC21/slim http://www.loc.gov/standards/marcxml/schema/MARC21slim.xsd">
   <leader>00925njm 22002777a 4500</leader>
   <datafield ind2=" " ind1=" " tag="042">
      <subfield code="a">dc</subfield>
   </datafield>
   <datafield ind2=" " ind1=" " tag="720">
      <subfield code="a">Navas-González, Rafael Jesús</subfield>
      <subfield code="e">author</subfield>
   </datafield>
   <datafield ind2=" " ind1=" " tag="260">
      <subfield code="c">2015-07-22</subfield>
   </datafield>
   <datafield ind2=" " ind1=" " tag="520">
      <subfield code="a">El presente volumen reune los enunciados y las soluciones de los exámenes propuestos entre 2002 y 2009 en las diferentes convocatorias oficiales de examen de la asignatura Dispositivos Electrónicos que he impartido en las diferentes titulaciones de la Escuela Técnica Superior de Ingeniería Informática de la Universidad de Málaga durante esos años. A los largo de este texto se presentan diferentes enunciados de examen ordenados en forma&#xd;
cronológica y en el mismo formato en que se entregaban a los alumnos. Cabe notar que al final de cada uno de los enunciados de examen se proporciona un pequeño formulario que resume las principales ecuaciones que el alumno puede necesitar conocer y manejar en la solución de los problemas. A continuación de cada enunciado se desarrolla la respuesta en detalle, en&#xd;
algunos casos mostrando diferentes alternativas posibles al abordar la solución del problema propuesto. En algunos casos sólo se ha proporcionado la respuesta a los problemas, dado que como puede verse en aquellos casos en los que se proporciona la respuesta completa(preguntas de teoría y problemas) la respuesta a las cuestiones teóricas es fácil de encontrar en&#xd;
el Manual 70 (Curso de Dispositivos Electronicos en Informática y Problemas de Examen Resueltos) editado por el SPICUM (Servicio de Publicaciones de la UMA).</subfield>
   </datafield>
   <datafield ind1="8" ind2=" " tag="024">
      <subfield code="a">http://hdl.handle.net/10630/10118</subfield>
   </datafield>
   <datafield ind1="8" ind2=" " tag="024">
      <subfield code="a">http://orcid.org/0000-0002-4453-9660</subfield>
   </datafield>
   <datafield tag="653" ind2=" " ind1=" ">
      <subfield code="a">Electrónica - Problemas, ejercicios, etc.</subfield>
   </datafield>
   <datafield ind2="0" ind1="0" tag="245">
      <subfield code="a">Dispositivos Electrónicos: Exámenes Resueltos (2002-2009)</subfield>
   </datafield>
</record>
</metadata></record></GetRecord></OAI-PMH>